000 01233cam a22003735a 4500
001 15107049
005 20170105102906.0
008 071210s2006 enkabc b 001 0 eng
010 _a 2007492147
015 _aGBA675305
_2bnb
016 7 _a013542432
_2Uk
020 _a9781850658504 (hbk.)
020 _a1850658501 (hbk.)
035 _a(OCoLC)ocm71239477
040 _aUKM
_cUKM
_dBWKUK
_dYDXCP
_dDLC
042 _aukscp
_alccopycat
043 _an-us---
050 0 0 _aJK468.I6
082 0 4 _a364.60973
_222
100 1 _aGrey, Stephen,
_d1968-
245 1 0 _aGhost plane :
_bthe inside story of the CIA's secret rendition programme /
_cStephen Gray.
260 _aLondon :
_bHurst,
_c2006.
300 _axiii, 306 p. :
_bill., maps, ports. ;
_c24 cm.
504 _aIncludes bibliographical references and index.
610 1 0 _aUnited States.
_bCentral Intelligence Agency.
650 0 _aEspionage, American.
650 0 _aWar on Terrorism, 2001-2009.
650 0 _aPrisoners of war
_zUnited States.
650 0 _aTorture.
650 0 _aPrisoners of war
_zUnited States.
906 _a0
_bibc
_ccopycat
_d3
_encip
_f20
_gy-gencatlg
942 _2ddc
_cBK
999 _c14870
_d14870